00979 2200373 4500001002100000005001500021008004100036020001800077035002500095041000800120082000800128090000800136100002100144245007100165250001600236260003100252300003200283650001300315650001100328990002400339990002400363990002400387990001000411990001000421990002400431990002400455990002400479990001000503990002400513990001000537990002400547990002400571990001000595INLIS00000000001207820130515233855 ind  a979-526-871-6 a0010-051300000012078 aind a778 a778 aAudi, Mirza Alwi aFoto Jurnalistik : Metode Memotret dan mengirim Foto ke Media Masa aCetakan : 4 aJakartabBina Aksarac2006 ax, 106 hlm. : ilus. ;21 cm. aMemotret aTeknik a24817/pusdacil/2014 a15012/pusdacil/2014 a15401/pusdacil/2014 a24818 a15014 a15012/pusdacil/2014 a15401/pusdacil/2014 a24817/pusdacil/2014 a24818 a15012/pusdacil/2014 a15014 a15401/pusdacil/2014 a24817/pusdacil/2014 a24818